BIBLIOTECA Y CENTRO DE DOCUMENTACIÓN

La caída de Perón : (Registro nro. 10461)

Detalles MARC
000 -CABECERA
fixed length control field 00885nam a2200277 a 4500
001 - NÚMERO DE CONTROL
control field old000541
003 - IDENTIFICADOR DEL NÚMERO DE CONTROL
control field AR-MoUNM
005 - FECHA Y HORA DE LA ULTIMA TRANSACCIÓN
control field 20260327063756.0
008 - ELEMENTOS DE LONGITUD FIJA
fixed length control field 070307s1985||||ag | |0||0||spa d
020 ## - ISBN
ISBN 9502501139 (volumen 1)
020 ## - ISBN
ISBN 9502501136 (volumen 2)
040 ## - FUENTE DE CATALOGACIÓN
Agencia de catalogación original AR-MoUNM
082 0# - NÚMERO DE CLASIFICACIÓN DECIMAL DEWEY (C.D.D.)
Número de la edición 20
Número de la Clasificación Decimal de Dewey (C.D.D.) 982.062
Número del ítem GODI 585
100 1# - ENTRADA PRINCIPAL - NOMBRE DE PERSONA
Nombre personal Godio, Julio.
9 (RLIN) 12201
245 13 - MENCIÓN DEL TÍTULO
Título La caída de Perón :
Resto del título de junio a setiembre de 1955 /
Mención de responsabiblidad Julio Godio.
260 ## - PUBLICACIÓN, DISTRIBICIÓN, ETC.
Lugar de publicación, distribución, etc. Buenos Aires :
Nombre del editor, distribuidor, etc. Centro Editor América Latina,
Fecha de publicación, distribución, etc. c1985.
300 ## - DESCRIPCIÓN FÍSICA
Extensión 2 v. ;
Dimensiones [El subcampo es A para Materiales Mixtos] 18 cm.
490 0# - MENCIÓN DE SERIE
Mención de Serie (Biblioteca política argentina ;
Número de volumen / designación secuencial 114 ; 115)
600 1# - ENTRADA SECUNDARIA DE MATERIA - NOMBRE DE PERSONA
Nombre de persona Perón, Juan Domingo,
9 (RLIN) 2627
Fechas asociadas con un nombre 1895-1974
650 #7 - ENTRADA SECUNDARIA DE MATERIA - TÉRMINO TEMÁTICO
Fuente de la entrada o término unescot
Término temático o nombre geográfico como elemento de entrada HISTORIA POLITICA
9 (RLIN) 90
650 #7 - ENTRADA SECUNDARIA DE MATERIA - TÉRMINO TEMÁTICO
Término temático o nombre geográfico como elemento de entrada DEMOCRACIA
Fuente de la entrada o término unescot
9 (RLIN) 1123
650 #7 - ENTRADA SECUNDARIA DE MATERIA - TÉRMINO TEMÁTICO
Fuente de la entrada o término unescot
Término temático o nombre geográfico como elemento de entrada DICTADURA
9 (RLIN) 801
651 #7 - ENTRADA SECUNDARIA DE MATERIA - NOMBRE GEOGRÁFICO
Fuente de la entrada o término unescot
Nombre geográfico ARGENTINA
9 (RLIN) 2590
653 ## - TÉRMINO DE INDIZACIÓN NO CONTROLADO
Término no controlado PERONISMO
942 ## - ADDED ENTRY ELEMENTS (KOHA)
Item type Libros
Existencias
Withdrawn status Lost status Damaged status Not for loan Home library Current library Date acquired Source of acquisition Inventory number Total Checkouts Full call number Barcode Date last seen Copy number Price effective from Koha item type
        Colección general Colección general 26/02/2019 Donación Marta Tenewicki 18093   982.062 GODI 585 v1 18093 26/02/2019 Ej. C 26/02/2019 Libros
        Colección general Colección general 26/02/2019 Donación Marta Tenewicki 18094   982.062 GODI 585 v2 18094 26/02/2019 Ej. C 26/02/2019 Libros
Biblioteca UNM
Universidad Nacional de Moreno
Av. Bme. Mitre Nº 1891 (B1744OHC) Moreno
Provincia de Buenos Aires, República Argentina
(0237) 460-9300 (líneas rotativas)
(011) 2078-9170 (líneas rotativas)
biblioteca@unm.edu.ar
Universidad del Bicentenario Argentino